Libro de Apolonio (Record no. 92238)

MARC details
000 -LEADER
campo de control de longitud fija 00482nam a2200169 i 4500
001 - NÚMERO DE CONTROL
campo de control 92238
003 - IDENTIFICADOR DE NÚMERO DE CONTROL
campo de control ES-MaACL
005 - FECHA Y HORA DE LA ÚLTIMA TRANSACCIÓN
campo de control 20230906180926.0
007 - CAMPO FIJO DE DESCRIPCIÓN FÍSICA--INFORMACIÓN GENERAL
campo de control de longitud fija t|
008 - DATOS DE LONGITUD FIJA--INFORMACIÓN GENERAL
campo de control de longitud fija 050223s1957 xxu ||||1| eng d
130 0# - ENTRADA PRINCIPAL--TÍTULO UNIFORME
Título uniforme Libro de Apolonio.
9 (RLIN) 122682
245 10 - MENCIÓN DEL TÍTULO
Título Libro de Apolonio
Resto del título : an old spanish poem /
Mención de responsabilidad, etc. Edited by C. Carroll Marden.
260 ## - PUBLICACIÓN, DISTRIBUCIÓN, ETC.
Lugar de publicación, distribución, etc. Macon :
Nombre del editor, distribuidor, etc. Protab Freres,
Fecha de publicación, distribución, etc. 1957.
300 ## - DESCRIPCIÓN FÍSICA
Extensión 2 v. ;
Dimensiones 17 cm.
700 0# - ENTRADA AGREGADA--NOMBRE PERSONAL
Nombre de persona Marden, C. Carroll.
9 (RLIN) 76563
852 ## - LOCALIZACIÓN
Ubicación ES-MaACL
Número de control de estantería F-2651
Holdings
Estatus retirado Estado de pérdida Estado de daño No para préstamo Biblioteca de origen Biblioteca actual Ubicación en estantería Fecha de adquisición Fuente de adquisición Total de préstamos Signatura topográfica completa Código de barras Visto por última vez Precio de reemplazo Tipo de ítem Koha
        Biblioteca del Ateneo de Madrid Biblioteca del Ateneo de Madrid Depósito 2 17/01/2008     F-2651 1096298 23/02/2023 23/02/2023 Libro impreso